000 00221 a2200097 4500
001 12652
100 _aCoombs,Jason
245 _aPowerbuilder 4 Programming for Dummies
260 _a
_bIDG Books
_c
090 _c9648
_d9648
942 _aNUST-CAE
_cM
_c36542
999 _c247725
_d247725